Sports Quiz

Random Sports Quiz

All Ireland Football Final 1999 Meath v Cork Quiz Stats

 Plays Quiz not verified by Sporcle

Challenge
Share
Tweet
Embed
Score 0/38 Timer 10:00
0 Plays Today
Team Player % Correct
MeathOllie Murphy
84.2%
MeathTrevor Giles
81.3%
CorkNicholas Murphy
80.6%
MeathCormac Murphy
79.9%
MeathGraham Geraghty
77.7%
MeathDarren Fay
67.6%
MeathJohn McDermott
62.6%
MeathSean Boylan
60.4%
CorkCiaran O'Sullivan
55.4%
CorkMark O'Sullivan
54%
CorkMicheal O'Sullivan
53.2%
MeathTommy Dowd
52.5%
MeathEvan Kelly
48.9%
CorkAnthony Lynch
45.3%
MeathMark O'Reilly
43.9%
CorkLarry Tompkins
43.2%
CorkPhilip Clifford
42.4%
CorkSean Og O'Hailpin
41.7%
CorkJoe Kavanagh
41%
Team Player % Correct
MeathNigel Crawford
40.3%
MeathNigel Nestor
38.1%
CorkKevin O'Dwyer
38.1%
MeathCormac Sullivan
37.4%
CorkRonan McCarthy
33.1%
MeathPaddy Reynolds
30.9%
MeathHank Traynor
30.2%
MeathEnda McManus
28.8%
CorkDon Davis
28.8%
MeathDonal Curtis
25.2%
CorkOwen Sexton
25.2%
CorkPodsie O'Mahony
23%
CorkFionan Murray
23%
CorkMartin Cronin
20.1%
CorkMichael Cronin
19.4%
MeathBarry Callaghan
15.1%
CorkFachtna Collins
13.7%
MeathRichie Kealy
10.8%
CorkMichael O'Donovan
2.2%

You're not logged in!

Compare scores with friends on all Sporcle quizzes.
Join for Free
OR
Log In

You Might Also Like...

Show Comments

Extras

Top Quizzes Today


Score Distribution

Your Account Isn't Verified!

In order to create a playlist on Sporcle, you need to verify the email address you used during registration. Go to your Sporcle Settings to finish the process.

Report this User

Report this user for behavior that violates our Community Guidelines.

Details: